[Event "Junior Online 4NCL Division 5"]
[Site "online"]
[Date "2021.04.01"]
[EventDate "2021.04.01"]
[Round "6.286"]
[White "O'Brien, Robbie"]
[WhiteElo "696"]
[WhiteTeam "St. Laurence's BNS 2"]
[Black "Kou, Edward"]
[BlackElo "925"]
[BlackTeam "Wimbledon Juniors B"]
[Result "0-1"]
[PlyCount "56"]

1. e4 c6 2. Nf3 d5 3. exd5 cxd5 4. Nc3 Be6 5. Bb5+ Nc6 6. Bxc6+ bxc6 7. d3 Nf6 8. Bg5 g6 9. Ne5 Bg7 10. Nxc6 Qd6 11. Nd4 O-O 12. Bxf6 Bxf6 13. Nxe6 Qxe6+ 14. Ne2 Bxb2 15. Rb1 Bc3+ 16. Kf1 Rfb8 17. Rxb8+ Rxb8 18. Nxc3 d4 19. Ne2 Rb4 20. a3 Ra4 21. Qa1 f5 22. Nxd4 Qe5 23. c3 Qf6 24. Qb2 e5 25. Nb5 e4 26. dxe4 Rxe4 27. Nxa7 Qa6+ 28. Kg1 Re1# 0-1

[Event "Junior Online 4NCL Division 5"]
[Site "online"]
[Date "2021.04.01"]
[EventDate "2021.04.01"]
[Round "6.291"]
[White "Dafydd, Cai"]
[WhiteElo "900"]
[WhiteTeam "Young Dragons D"]
[Black "Khandelwal, Ritisha"]
[BlackElo "1400"]
[BlackTeam "Chess Challengers F"]
[Result "0-1"]
[PlyCount "48"]

1. e4 e5 2. Nf3 Nf6 3. Nc3 Nc6 4. Bc4 d6 5. Nd5 Nxe4 6. d3 Nf6 7. Nxf6+ Qxf6 8. Bg5 Qg6 9. O-O Be6 10. Bb5 Bd7 11. Qd2 f6 12. Be3 O-O-O 13. Bxc6 Bxc6 14. Qa5 a6 15. Ba7 Bd7 16. c4 Bc6 17. d4 Bxf3 18. g3 f5 19. dxe5 dxe5 20. Qxe5 Qf6 21. Qxf6 gxf6 22. Bd4 Rxd4 23. Rad1 Rxd1 24. Rxd1 Bxd1 0-1

[Event "Junior Online 4NCL Division 5"]
[Site "online"]
[Date "2021.04.01"]
[EventDate "2021.04.01"]
[Round "6.292"]
[White "Mukherjee, Abhijay"]
[WhiteElo "1401"]
[WhiteTeam "Chess Challengers F"]
[Black "Dafydd, Gruff"]
[BlackElo "700"]
[BlackTeam "Young Dragons D"]
[Result "1-0"]
[PlyCount "37"]

1. e4 e5 2. Nf3 Nc6 3. Bc4 f6 4. Nc3 Bc5 5. d3 f5 6. exf5 Qe7 7. O-O Qf6 8. Bg5 Qf8 9. Re1 Bb4 10. Bd2 Bc5 11. Nxe5 d5 12. Ng6+ Be3 13. Rxe3+ Kf7 14. Nxf8 dxc4 15. Qh5+ Kf6 16. Nxh7+ Rxh7 17. Qxh7 Kg5 18. Qg6+ Kf4 19. Re4# 1-0

[Event "Junior Online 4NCL Division 5"]
[Site "online"]
[Date "2021.04.01"]
[EventDate "2021.04.01"]
[Round "6.293"]
[White "Caesar, Amelie"]
[WhiteElo "653"]
[WhiteTeam "Young Dragons D"]
[Black "Marti, Aarush"]
[BlackElo "1390"]
[BlackTeam "Chess Challengers F"]
[Result "1-0"]
[PlyCount "57"]

1. e4 e5 2. Nf3 Nc6 3. Nc3 Nf6 4. d4 exd4 5. Nxd4 Nxd4 6. Qxd4 d6 7. Bc4 Be7 8. Qd1 O-O 9. O-O Ng4 10. Re1 c5 11. h3 Ne5 12. b3 Nxc4 13. bxc4 Qa5 14. Bb2 Bf6 15. Re3 Bd4 16. Rd3 Bxc3 17. Bxc3 Qb6 18. Rb1 Qc6 19. Qf3 g6 20. Qf4 d5 21. exd5 g5 22. Qxg5+ Qg6 23. Qe5 Bf5 24. Rg3 f6 25. Rxg6+ Kf7 26. Qxf5 hxg6 27. Qd7+ Kg8 28. Rxb7 Rae8 29. Qg7# 1-0

[Event "Junior Online 4NCL Division 5"]
[Site "online"]
[Date "2021.04.01"]
[EventDate "2021.04.01"]
[Round "6.294"]
[White "Rattani, Ehan"]
[WhiteElo "1386"]
[WhiteTeam "Chess Challengers F"]
[Black "Davies, Louise"]
[BlackElo "471"]
[BlackTeam "Young Dragons D"]
[Result "1-0"]
[PlyCount "29"]

1. e4 e5 2. Nf3 Nc6 3. Nc3 Nf6 4. Bc4 d5 5. exd5 Nb4 6. Nxe5 Nbxd5 7. Bxd5 Nxd5 8. O-O Nxc3 9. bxc3 Bd6 10. Qe2 f6 11. Nc6+ Qe7 12. Nxe7 Bxe7 13. Ba3 Kf8 14. Qxe7+ Kg8 15. Qe8# 1-0

[Event "Junior Online 4NCL Division 5"]
[Site "online"]
[Date "2021.04.01"]
[EventDate "2021.04.01"]
[Round "6.295"]
[White "Khandelwal, Ritisha"]
[WhiteElo "1400"]
[WhiteTeam "Chess Challengers F"]
[Black "Dafydd, Cai"]
[BlackElo "900"]
[BlackTeam "Young Dragons D"]
[Result "1-0"]
[PlyCount "43"]

1. e4 e5 2. Nf3 Nf6 3. Bc4 Nc6 4. c3 Bc5 5. d4 exd4 6. cxd4 Bb4+ 7. Nc3 Bxc3+ 8. bxc3 Nxe4 9. Qb3 O-O 10. O-O Re8 11. Bxf7+ Kf8 12. Ba3+ d6 13. Bxe8 Qxe8 14. Rae1 Bf5 15. Ng5 Nd2 16. Rxe8+ Kxe8 17. Qxb7 Rd8 18. Qxc6+ Rd7 19. Re1+ Be4 20. Nxe4 Nxe4 21. Rxe4+ Kd8 22. Qa8# 1-0

[Event "Junior Online 4NCL Division 5"]
[Site "online"]
[Date "2021.04.01"]
[EventDate "2021.04.01"]
[Round "6.296"]
[White "Dafydd, Gruff"]
[WhiteElo "700"]
[WhiteTeam "Young Dragons D"]
[Black "Mukherjee, Abhijay"]
[BlackElo "1401"]
[BlackTeam "Chess Challengers F"]
[Result "0-1"]
[PlyCount "84"]

1. h4 e5 2. Rh3 d5 3. Rf3 e4 4. Rb3 Nf6 5. Rxb7 Bxb7 6. d4 Nc6 7. Nh3 Bb4+ 8. Nc3 Bxc3+ 9. Bd2 Bxb2 10. Rb1 Bxd4 11. Rb2 Bxb2 12. Qb1 Bd4 13. Qxb7 O-O 14. Qxc6 Rb8 15. Qc5 Bxc5 16. Bg5 Rb1+ 17. Kd2 Bb4+ 18. Ke3 Ng4+ 19. Kf4 Bd2+ 20. e3 Qd7 21. Be7 Bxe3+ 22. Kg3 Qd6+ 23. Bxd6 Bxf2+ 24. Kxg4 Rd8 25. Bxc7 Rd7 26. Be5 Rxf1 27. Bg3 Bxg3 28. Kxg3 Ra1 29. Ng5 Rxa2 30. Nxh7 Kxh7 31. c4 dxc4 32. h5 c3 33. h6 Kxh6 34. Kf4 c2 35. Kxe4 c1=Q 36. Kf5 g6+ 37. Kf6 Qc6+ 38. Ke5 Rd5+ 39. Ke4 Ra4+ 40. Kf3 Qf6+ 41. Kg3 Ra3+ 42. Kh2 Rh5+ 0-1

[Event "Junior Online 4NCL Division 5"]
[Site "online"]
[Date "2021.04.01"]
[EventDate "2021.04.01"]
[Round "6.297"]
[White "Marti, Aarush"]
[WhiteElo "1390"]
[WhiteTeam "Chess Challengers F"]
[Black "Caesar, Amelie"]
[BlackElo "653"]
[BlackTeam "Young Dragons D"]
[Result "0-1"]
[PlyCount "58"]

1. e4 e5 2. Qh5 Nc6 3. Nf3 Nf6 4. Qf5 d5 5. Nxe5 Bxf5 6. Nxc6 bxc6 7. exf5 Qe7+ 8. Be2 Qd8 9. Nc3 Bb4 10. O-O Bxc3 11. bxc3 O-O 12. Ba3 Re8 13. Rfe1 h6 14. h3 Ne4 15. d3 Nxc3 16. Bf1 Rxe1 17. Rxe1 Nxa2 18. Be7 Qd7 19. d4 Re8 20. Bb4 Rxe1 21. Bxe1 Qe7 22. Ba6 Qxe1+ 23. Kh2 Nb4 24. Bb7 Qxf2 25. Kh1 Nxc2 26. Bxc6 Ne3 27. Bxd5 Nxd5 28. Kh2 Ne3 29. h4 Qxg2# 0-1

[Event "Junior Online 4NCL Division 5"]
[Site "online"]
[Date "2021.04.01"]
[EventDate "2021.04.01"]
[Round "6.298"]
[White "Davies, Louise"]
[WhiteElo "471"]
[WhiteTeam "Young Dragons D"]
[Black "Rattani, Ehan"]
[BlackElo "1386"]
[BlackTeam "Chess Challengers F"]
[Result "0-1"]
[PlyCount "40"]

1. e4 e5 2. Nf3 Nc6 3. Nc3 Nf6 4. Bc4 Bc5 5. Ng5 O-O 6. Nxf7 Qe7 7. Nxe5+ Kh8 8. Nxc6 bxc6 9. O-O Nxe4 10. d3 Nxc3 11. bxc3 d5 12. Bb3 Kg8 13. c4 dxc4 14. Bxc4+ Kh8 15. Bb2 Qg5 16. d4 Bh3 17. g3 Bxf1 18. Kxf1 Bd6 19. Bd3 Qf6 20. Qh5 Qxf2# 0-1

[Event "Junior Online 4NCL Division 5"]
[Site "online"]
[Date "2021.04.01"]
[EventDate "2021.04.01"]
[Round "6.301"]
[White "Mykhnenko, Marijka"]
[WhiteElo "1027"]
[WhiteTeam "Warwickshire Bears H"]
[Black "Wilkinson, Bernard"]
[BlackElo "1105"]
[BlackTeam "Cambridge Chess & Go C"]
[Result "1-0"]
[PlyCount "41"]

1. e4 e5 2. Nf3 Nc6 3. Bc4 Bc5 4. d3 h6 5. Nc3 d6 6. h3 Nf6 7. a3 O-O 8. O-O Bd7 9. Na4 a6 10. Nxc5 dxc5 11. Be3 Na5 12. Bxc5 b5 13. Bxf8 Qxf8 14. Ba2 Qc8 15. Nxe5 Bxh3 16. Bxf7+ Kh8 17. gxh3 Qxh3 18. Qf3 Qh4 19. Ng6+ Kh7 20. Nxh4 Rd8 21. Qf5+ 1-0

[Event "Junior Online 4NCL Division 5"]
[Site "online"]
[Date "2021.04.01"]
[EventDate "2021.04.01"]
[Round "6.302"]
[White "Syposz, Iza"]
[WhiteElo "1007"]
[WhiteTeam "Cambridge Chess & Go C"]
[Black "Khashu, Rohan"]
[BlackElo "950"]
[BlackTeam "Warwickshire Bears H"]
[Result "0-1"]
[PlyCount "74"]

1. e4 e5 2. d3 Nc6 3. Nf3 Nf6 4. Be2 Be7 5. O-O O-O 6. d4 exd4 7. Nxd4 Nxd4 8. Qxd4 c5 9. Qd2 Nxe4 10. Qd3 Nf6 11. Qf3 a6 12. Be3 Qb6 13. b3 Qd6 14. Nc3 Bd8 15. Rad1 Qe5 16. Bc4 Bc7 17. g3 Qxc3 18. Rd3 Qxc2 19. Bxc5 Re8 20. Rdd1 Qxa2 21. Rc1 Re4 22. Rfe1 Rxe1+ 23. Rxe1 d6 24. Bd4 Bg4 25. Qe3 h6 26. Bxf6 gxf6 27. Qxh6 Bb6 28. Qxf6 Rf8 29. Qg5+ Kh8 30. Qxg4 Qxf2+ 31. Kh1 Qxe1+ 32. Kg2 Qf2+ 33. Kh3 Rg8 34. Qh5+ Kg7 35. Qg5+ Kf8 36. Qh6+ Rg7 37. Kh4 Qxh2# 0-1

[Event "Junior Online 4NCL Division 5"]
[Site "online"]
[Date "2021.04.01"]
[EventDate "2021.04.01"]
[Round "6.303"]
[White "Madoc, Gaspard"]
[WhiteElo "993"]
[WhiteTeam "Warwickshire Bears H"]
[Black "Mole, Tommy"]
[BlackElo "1000"]
[BlackTeam "Cambridge Chess & Go C"]
[Result "1/2-1/2"]
[PlyCount "106"]

1. e4 e5 2. Bd3 Bc5 3. Bc4 Qh4 4. Qf3 d6 5. Qxf7+ Kd8 6. Qf8+ Kd7 7. Bd5 c6 8. Qf7+ Kd8 9. g3 Qe7 10. Qxe7+ Kxe7 11. Bc4 d5 12. exd5 cxd5 13. Bxd5 Nd7 14. Nf3 Ngf6 15. Bc4 Nb6 16. Nxe5 Nxc4 17. Nxc4 Bh3 18. Nc3 Bg2 19. Rg1 Bc6 20. d4 Bxd4 21. Be3 Bxc3+ 22. bxc3 Rhd8 23. Bd2 Ne4 24. f3 Nxd2 25. Nxd2 Kf8 26. Ne4 Re8 27. Kf2 Bxe4 28. fxe4 Rad8 29. Rge1 Rd2+ 30. Re2 Rxe2+ 31. Kxe2 Rxe4+ 32. Kf3 Rc4 33. Rf1 Rxc3+ 34. Ke2+ Ke8 35. Kd2 Ra3 36. Ra1 Ra4 37. a3 Rd4+ 38. Kc3 Rd5 39. Re1+ Kd8 40. Rf1 Rc5+ 41. Kb3 Rh5 42. h4 g5 43. hxg5 Rxg5 44. Rf7 Rxg3+ 45. Kb2 Rg6 46. Rxh7 Rb6+ 47. Ka2 a6 48. c4 Kc8 49. c5 Rc6 50. Rh8+ Kc7 51. Rh7+ Kc8 52. Rh8+ Kc7 53. Rh7+ Kc8 1/2-1/2

[Event "Junior Online 4NCL Division 5"]
[Site "online"]
[Date "2021.04.01"]
[EventDate "2021.04.01"]
[Round "6.304"]
[White "Vysohlid, Peter"]
[WhiteElo "886"]
[WhiteTeam "Cambridge Chess & Go C"]
[Black "Sareen, Rohan"]
[BlackElo "1024"]
[BlackTeam "Warwickshire Bears H"]
[Result "1-0"]
[PlyCount "26"]

1. e4 e5 2. Nf3 Nc6 3. Bc4 Nf6 4. O-O d5 5. exd5 Na5 6. Nxe5 Nxc4 7. Nxc4 Qxd5 8. Re1+ Be7 9. Qe2 Qe6 10. Qxe6 fxe6 11. Nc3 e5 12. Rxe5 O-O 13. Rxe7 Re8 1-0

[Event "Junior Online 4NCL Division 5"]
[Site "online"]
[Date "2021.04.01"]
[EventDate "2021.04.01"]
[Round "6.305"]
[White "Wilkinson, Bernard"]
[WhiteElo "1105"]
[WhiteTeam "Cambridge Chess & Go C"]
[Black "Mykhnenko, Marijka"]
[BlackElo "1027"]
[BlackTeam "Warwickshire Bears H"]
[Result "0-1"]
[PlyCount "36"]

1. g3 e5 2. Bg2 d5 3. Nf3 Nc6 4. d3 h6 5. b3 Nf6 6. Bb2 Bd6 7. e3 Be6 8. O-O O-O 9. d4 exd4 10. Bxd4 Nxd4 11. Qxd4 Qd7 12. Nc3 c6 13. Rfe1 Bh3 14. Nh4 Bxg2 15. Nxg2 Qe6 16. Re2 Be5 17. Qh4 Bxc3 18. Nf4 Qg4 0-1

[Event "Junior Online 4NCL Division 5"]
[Site "online"]
[Date "2021.04.01"]
[EventDate "2021.04.01"]
[Round "6.306"]
[White "Khashu, Rohan"]
[WhiteElo "950"]
[WhiteTeam "Warwickshire Bears H"]
[Black "Syposz, Iza"]
[BlackElo "1007"]
[BlackTeam "Cambridge Chess & Go C"]
[Result "1-0"]
[PlyCount "117"]

1. e4 e5 2. Nf3 Nf6 3. Nc3 Bd6 4. Bc4 O-O 5. O-O Nc6 6. Nd5 Nxd5 7. Bxd5 Nb4 8. Bb3 c5 9. c3 Nd3 10. Qe2 Nf4 11. Qc4 h6 12. d3 Ne2+ 13. Kh1 b6 14. Re1 Nf4 15. Bxf4 exf4 16. d4 cxd4 17. Nxd4 Qf6 18. Nf3 Bb7 19. e5 Bxe5 20. Rxe5 d6 21. Re2 Rac8 22. Qa4 Bxf3 23. gxf3 a5 24. Rd1 Qg6 25. Qxf4 Kh7 26. Bc2 f5 27. Rxd6 Rf6 28. Ree6 Rxe6 29. Bxf5 Rxd6 30. Bxg6+ Rxg6 31. Qf5 Rd8 32. h3 Rd1+ 33. Kh2 Rd2 34. h4 Rxf2+ 35. Kh3 h5 36. Qxh5+ Rh6 37. Qf5+ g6 38. Qf7+ Kh8 39. b4 Rxa2 40. bxa5 Rxa5 41. Qf6+ Kh7 42. Qxb6 Ra8 43. Qb7+ Kh8 44. Qxa8+ Kh7 45. c4 g5 46. c5 Rxh4+ 47. Kg3 Rc4 48. Qd5 Rc1 49. c6 Kg7 50. Qxg5+ Kf7 51. Qxc1 Ke7 52. c7 Kd7 53. c8=Q+ Kd6 54. Qd1+ Ke5 55. Qe8+ Kf5 56. Qf8+ Kg5 57. Qg1 Kh5 58. Kf2 Kh4 59. Qh8# 1-0

[Event "Junior Online 4NCL Division 5"]
[Site "online"]
[Date "2021.04.01"]
[EventDate "2021.04.01"]
[Round "6.307"]
[White "Mole, Tommy"]
[WhiteElo "1000"]
[WhiteTeam "Cambridge Chess & Go C"]
[Black "Madoc, Gaspard"]
[BlackElo "993"]
[BlackTeam "Warwickshire Bears H"]
[Result "1-0"]
[PlyCount "29"]

1. e4 e5 2. Nc3 Nf6 3. Nf3 Nc6 4. d3 Bc5 5. Qe2 O-O 6. Bg5 h6 7. Bxf6 Qxf6 8. O-O-O d6 9. Nb5 Qe7 10. g3 a6 11. Nc3 Bg4 12. h3 Nd4 13. Qd2 Nxf3 14. Qe2 Nd4 15. Qxg4 1-0

[Event "Junior Online 4NCL Division 5"]
[Site "online"]
[Date "2021.04.01"]
[EventDate "2021.04.01"]
[Round "6.308"]
[White "Sareen, Rohan"]
[WhiteElo "1024"]
[WhiteTeam "Warwickshire Bears H"]
[Black "Vysohlid, Peter"]
[BlackElo "886"]
[BlackTeam "Cambridge Chess & Go C"]
[Result "0-1"]
[PlyCount "36"]

1. e4 c5 2. Bc4 Nc6 3. Nf3 d6 4. Nc3 Nf6 5. d3 g6 6. Bg5 Bg7 7. Bxf6 Bxf6 8. Qd2 O-O 9. O-O-O Qa5 10. Rhe1 Nb4 11. e5 dxe5 12. Nd5 Nxa2+ 13. Kb1 Nb4 14. Nxf6+ exf6 15. Re4 Be6 16. Bxe6 fxe6 17. c3 Qa2+ 18. Kc1 Qa1# 0-1

[Event "Junior Online 4NCL Division 5"]
[Site "online"]
[Date "2021.04.01"]
[EventDate "2021.04.01"]
[Round "6.311"]
[White "Carter, Olvier"]
[WhiteElo "935"]
[WhiteTeam "Surrey Kings 4"]
[Black "Barrio, Ricardo"]
[BlackElo "1075"]
[BlackTeam "Ojays H"]
[Result "1-0"]
[PlyCount "43"]

1. e4 c5 2. Nf3 d6 3. Bb5+ Nc6 4. Nc3 Nf6 5. d3 Bg4 6. h3 Bh5 7. O-O a6 8. Bxc6+ bxc6 9. Qe2 g6 10. Qe3 Bg7 11. Ng5 Bh6 12. Qg3 Qd7 13. Nxf7 Kxf7 14. Bxh6 d5 15. exd5 Qxd5 16. Nxd5 cxd5 17. Bg5 Rab8 18. Rfe1 c4 19. Bxf6 exf6 20. Qc7+ Kg8 21. Re7 Rf8 22. Rg7# 1-0

[Event "Junior Online 4NCL Division 5"]
[Site "online"]
[Date "2021.04.01"]
[EventDate "2021.04.01"]
[Round "6.312"]
[White "Conlon, George"]
[WhiteElo "925"]
[WhiteTeam "Ojays H"]
[Black "O’Sullivan, Jack"]
[BlackElo "925"]
[BlackTeam "Surrey Kings 4"]
[Result "1-0"]
[PlyCount "49"]

1. e4 e5 2. Nf3 Nc6 3. Bc4 Bc5 4. b4 Bxb4 5. c3 Bc5 6. d4 exd4 7. O-O dxc3 8. Nxc3 d6 9. Ng5 Be6 10. Nd5 Bxd5 11. Bxd5 Ne5 12. Bb2 Qxg5 13. Bxe5 dxe5 14. Qf3 O-O-O 15. Qxf7 Nh6 16. Be6+ Rd7 17. Qxd7+ Kb8 18. Rfd1 a6 19. Bd5 Rf8 20. h3 Qf4 21. Rf1 Bxf2+ 22. Kh1 Qg3 23. Rac1 Nf7 24. Qxc7+ Ka7 25. Qxb7# 1-0

[Event "Junior Online 4NCL Division 5"]
[Site "online"]
[Date "2021.04.01"]
[EventDate "2021.04.01"]
[Round "6.313"]
[White "Goldhawk, Harrison"]
[WhiteElo "958"]
[WhiteTeam "Surrey Kings 4"]
[Black "Barrio Lopez, Carlos"]
[BlackElo "918"]
[BlackTeam "Ojays H"]
[Result "0-1"]
[PlyCount "26"]

1. e4 e5 2. Nf3 Nc6 3. d4 Nf6 4. dxe5 Bb4+ 5. Nc3 O-O 6. exf6 Qxf6 7. Bd2 Qd6 8. Nb5 Qc5 9. Nxc7 Ba5 10. Nxa8 d6 11. Bd3 Bd7 12. Nc7 Bb6 13. Nd5 Qxf2# 0-1

[Event "Junior Online 4NCL Division 5"]
[Site "online"]
[Date "2021.04.01"]
[EventDate "2021.04.01"]
[Round "6.314"]
[White "Simon, Logan"]
[WhiteElo "900"]
[WhiteTeam "Ojays H"]
[Black "Choi, Ethan"]
[BlackElo "925"]
[BlackTeam "Surrey Kings 4"]
[Result "0-1"]
[PlyCount "128"]

1. e4 e5 2. d3 Nf6 3. Nf3 Bb4+ 4. c3 Bc5 5. d4 d6 6. dxc5 Nc6 7. cxd6 cxd6 8. Bb5 Bg4 9. h3 Bd7 10. Bg5 O-O 11. Bxc6 bxc6 12. Bxf6 Qxf6 13. b4 Qd8 14. Qxd6 Qb6 15. Qxf8+ Rxf8 16. Nxe5 Qa6 17. b5 cxb5 18. O-O Qa3 19. Nxa3 b4 20. Nxd7 Rd8 21. Nf6+ Kf8 22. cxb4 Rd6 23. Rfd1 Rxf6 24. Rd8+ Ke7 25. Rc8 Ra6 26. Rac1 Rxa3 27. R8c7+ Ke6 28. R1c6+ Ke5 29. Rc5+ Kf4 30. Rxf7+ Kxe4 31. Rc4+ Kd3 32. Rd7+ Kxc4 33. Rc7+ Kxb4 34. Rxg7 Rxa2 35. Rf7 a5 36. Kf1 a4 37. g4 a3 38. Ra7 Kc4 39. Ke1 Kd4 40. Kd1 Ke4 41. Kc1 Kf3 42. Kb1 Rxf2 43. g5 Rh2 44. Rxa3+ Kg2 45. Ra7 Rxh3 46. g6 hxg6 47. Rg7 Rg3 48. Kc2 g5 49. Kd2 g4 50. Ke1 Kh3 51. Ke2 Rg2+ 52. Kf1 g3 53. Rxg3+ Rxg3 54. Kf2 Kg4 55. Ke2 Kf4 56. Kf2 Ra3 57. Ke2 Rb3 58. Kd2 Ke4 59. Kc2 Rh3 60. Kd2 Rg3 61. Ke2 Rg2+ 62. Kf1 Ra2 63. Ke1 Kd3 64. Kd1 Ra1# 0-1

[Event "Junior Online 4NCL Division 5"]
[Site "online"]
[Date "2021.04.01"]
[EventDate "2021.04.01"]
[Round "6.315"]
[White "Barrio, Ricardo"]
[WhiteElo "1075"]
[WhiteTeam "Ojays H"]
[Black "Carter, Olvier"]
[BlackElo "935"]
[BlackTeam "Surrey Kings 4"]
[Result "0-1"]
[PlyCount "110"]

1. e4 e5 2. Nf3 Nc6 3. Bc4 Bc5 4. d3 d6 5. O-O Bg4 6. c3 Bxf3 7. Qxf3 Nf6 8. Bg5 h6 9. Bxf6 gxf6 10. Qh5 Qd7 11. Nd2 O-O-O 12. b4 Bb6 13. b5 Na5 14. Qd1 Rdg8 15. Bd5 Rg4 16. Nc4 Nxc4 17. dxc4 Rhg8 18. c5 Bxc5 19. Qa4 a6 20. bxa6 Qxa4 21. Rab1 Qxa6 22. Bxb7+ Qxb7 23. Rxb7 Kxb7 24. Rb1+ Kc8 25. g3 Rxe4 26. Rb5 Re1+ 27. Kg2 Rc1 28. Ra5 Rxc3 29. Ra8+ Kd7 30. Rxg8 d5 31. Rg7 d4 32. Rxf7+ Ke6 33. Rxc7 d3 34. Kf1 d2 35. Rc6+ Kd5 36. Rxf6 d1=Q+ 37. Kg2 Qf3+ 38. Kh3 Qh5+ 39. Kg2 Rc1 40. a4 Qg5 41. Rf3 Qg4 42. a5 Ba7 43. a6 e4 44. Rf7 Bb8 45. Rd7+ Ke5 46. Rd8 Bc7 47. Rc8 Qxc8 48. h4 Qxa6 49. f4+ Kd4 50. Kh3 Qe6+ 51. g4 Bxf4 52. h5 Rh1+ 53. Kg2 Qxg4+ 54. Kf2 Rh2+ 55. Kf1 Qd1# 0-1

[Event "Junior Online 4NCL Division 5"]
[Site "online"]
[Date "2021.04.01"]
[EventDate "2021.04.01"]
[Round "6.316"]
[White "O’Sullivan, Jack"]
[WhiteElo "925"]
[WhiteTeam "Surrey Kings 4"]
[Black "Conlon, George"]
[BlackElo "925"]
[BlackTeam "Ojays H"]
[Result "0-1"]
[PlyCount "98"]

1. e4 d5 2. exd5 Nf6 3. Nf3 Nxd5 4. Nc3 Bg4 5. Be2 Nxc3 6. dxc3 Qxd1+ 7. Bxd1 Nc6 8. O-O O-O-O 9. Nd4 Nxd4 10. cxd4 Rxd4 11. Bxg4+ Rxg4 12. Rd1 e6 13. f3 Rh4 14. g3 Rc4 15. b3 Bc5+ 16. Kg2 Rxc2+ 17. Kf1 Rd8 18. Rxd8+ Kxd8 19. Bg5+ Kd7 20. Rd1+ Kc6 21. f4 f5 22. h3 Kb5 23. a4+ Kb4 24. g4 Kc3 25. gxf5 exf5 26. Rb1 Kd3 27. Rd1+ Ke3 28. Re1+ Kf3 29. Re5 Rf2+ 30. Kg1 Rd2+ 31. Rxc5 Rf2 32. Rc3+ Ke2 33. Rc2+ Kf3 34. Bh4 Rxc2 35. b4 Rc1+ 36. Kh2 Kxf4 37. b5 Kf3 38. Bg5 Re1 39. Bh4 Re2+ 40. Kg1 Rg2+ 41. Kh1 Rg6 42. a5 Ke2 43. Bd8 Kf2 44. Bxc7 Rh6 45. Kh2 Rg6 46. Bb8 Kf1 47. Bxa7 Rg2+ 48. Kh1 Rg3 49. a6 Rxh3# 0-1

[Event "Junior Online 4NCL Division 5"]
[Site "online"]
[Date "2021.04.01"]
[EventDate "2021.04.01"]
[Round "6.317"]
[White "Barrio Lopez, Carlos"]
[WhiteElo "918"]
[WhiteTeam "Ojays H"]
[Black "Goldhawk, Harrison"]
[BlackElo "958"]
[BlackTeam "Surrey Kings 4"]
[Result "1-0"]
[PlyCount "23"]

1. e4 e5 2. Nf3 Nc6 3. Nc3 Nf6 4. Bc4 Nxe4 5. Nxe4 Be7 6. g3 Bb4 7. Nh4 O-O 8. Nf5 d6 9. Qg4 g6 10. Ng5 Nd4 11. Qh4 Nxf5 12. Qxh7# 1-0

[Event "Junior Online 4NCL Division 5"]
[Site "online"]
[Date "2021.04.01"]
[EventDate "2021.04.01"]
[Round "6.318"]
[White "Choi, Ethan"]
[WhiteElo "925"]
[WhiteTeam "Surrey Kings 4"]
[Black "Simon, Logan"]
[BlackElo "900"]
[BlackTeam "Ojays H"]
[Result "1-0"]
[PlyCount "25"]

1. e4 d5 2. Nf3 dxe4 3. Ne5 Bg4 4. Nxg4 e3 5. fxe3 e5 6. Nxe5 Bb4 7. Bb5+ Nc6 8. Nxc6 Qxd2+ 9. Bxd2 Bxd2+ 10. Qxd2 bxc6 11. Bxc6+ Kf8 12. Bxa8 Ne7 13. Qd8# 1-0

[Event "Junior Online 4NCL Division 5"]
[Site "online"]
[Date "2021.04.01"]
[EventDate "2021.04.01"]
[Round "6.321"]
[White "Vaz, Bryan"]
[WhiteElo "850"]
[WhiteTeam "Surrey Kings 5"]
[Black "Cream, Toby"]
[BlackElo "1250"]
[BlackTeam "King's Cross Kings"]
[Result "0-1"]
[PlyCount "70"]

1. e3 e5 2. Nc3 d5 3. d4 exd4 4. Qxd4 Nc6 5. Qd1 Nf6 6. Bb5 a6 7. Bxc6+ bxc6 8. h3 Bb4 9. Bd2 Bf5 10. a3 Bxc3 11. Bxc3 O-O 12. Nf3 Ne4 13. Qd4 Nxc3 14. Qxc3 Qd6 15. O-O Be4 16. Ng5 Bf5 17. f4 h6 18. Nf3 Rfe8 19. Nh4 Be4 20. Rae1 c5 21. g4 c4 22. Nf5 Bxf5 23. gxf5 Rab8 24. Kh2 f6 25. Rg1 Re4 26. Rg4 Re7 27. Rd1 Rbe8 28. Re1 c6 29. Rg2 Kf7 30. h4 g5 31. h5 gxf4 32. Rge2 fxe3+ 33. Kg2 Rg8+ 34. Kf1 Qf4+ 35. Rf2 Qxf2# 0-1

[Event "Junior Online 4NCL Division 5"]
[Site "online"]
[Date "2021.04.01"]
[EventDate "2021.04.01"]
[Round "6.322"]
[White "Lew, Elisha"]
[WhiteElo "1000"]
[WhiteTeam "King's Cross Kings"]
[Black "Mallia, Luca"]
[BlackElo "922"]
[BlackTeam "Surrey Kings 5"]
[Result "1-0"]
[PlyCount "61"]

1. g3 e5 2. Bg2 Nc6 3. b3 d5 4. Bb2 Nf6 5. h3 Bc5 6. a3 Bf5 7. g4 Be6 8. b4 Bd6 9. g5 Ne4 10. b5 Nd4 11. d3 Nc5 12. e3 Nf5 13. Nc3 d4 14. exd4 exd4 15. Nce2 Be5 16. Nf3 Qd5 17. Qd2 g6 18. Nf4 h6 19. Nxd5 Bxd5 20. Nxe5 Bxg2 21. Rg1 Bxh3 22. Bxd4 Nxd4 23. Qe3 hxg5 24. Qxd4 b6 25. Rh1 Rh4 26. Qe3 g4 27. O-O-O Bg2 28. Rxh4 Rd8 29. Rh8+ Ke7 30. Nc6+ Kd7 31. Rxd8# 1-0

[Event "Junior Online 4NCL Division 5"]
[Site "online"]
[Date "2021.04.01"]
[EventDate "2021.04.01"]
[Round "6.323"]
[White "Fairrie, Ralph"]
[WhiteElo "916"]
[WhiteTeam "Surrey Kings 5"]
[Black "Semeiko-Wang, Lily"]
[BlackElo "1000"]
[BlackTeam "King's Cross Kings"]
[Result "1-0"]
[PlyCount "23"]

1. e4 e5 2. Nf3 Nc6 3. Bc4 Nf6 4. d3 Bc5 5. Nc3 O-O 6. Bg5 h6 7. Nd5 hxg5 8. Nxg5 Nxd5 9. Qh5 Nf6 10. Qg6 d5 11. Bxd5 Nxd5 12. Qh7# 1-0

[Event "Junior Online 4NCL Division 5"]
[Site "online"]
[Date "2021.04.01"]
[EventDate "2021.04.01"]
[Round "6.324"]
[White "Tomita, Akito"]
[WhiteElo "1000"]
[WhiteTeam "King's Cross Kings"]
[Black "Song, Meilin"]
[BlackElo "910"]
[BlackTeam "Surrey Kings 5"]
[Result "1-0"]
[PlyCount "63"]

1. e4 e5 2. Nf3 Nc6 3. c3 Nf6 4. d3 Bc5 5. h3 O-O 6. Be3 Bxe3 7. fxe3 h6 8. d4 exd4 9. cxd4 Nxe4 10. d5 Nb4 11. Bd3 Nxd3+ 12. Qxd3 Qh4+ 13. Nxh4 Ng3 14. Rg1 d6 15. Ng6 fxg6 16. Qxg6 Nf5 17. Rf1 Nh4 18. Qh5 Rf5 19. Qe8+ Kh7 20. g4 Rxf1+ 21. Kxf1 Nf3 22. Qe4+ Kg8 23. Qxf3 c6 24. Nc3 cxd5 25. Qxd5+ Kh8 26. Kg2 g5 27. Qe4 Bd7 28. Rf1 Bc6 29. Nd5 Re8 30. Qd4+ Kh7 31. Rf7+ Kg8 32. Qg7# 1-0

[Event "Junior Online 4NCL Division 5"]
[Site "online"]
[Date "2021.04.01"]
[EventDate "2021.04.01"]
[Round "6.325"]
[White "Cream, Toby"]
[WhiteElo "1250"]
[WhiteTeam "King's Cross Kings"]
[Black "Vaz, Bryan"]
[BlackElo "850"]
[BlackTeam "Surrey Kings 5"]
[Result "1-0"]
[PlyCount "69"]

1. e4 d6 2. Nf3 c6 3. d4 Bg4 4. h3 Bxf3 5. Qxf3 e6 6. Nc3 Nd7 7. b3 Ngf6 8. Bg5 Be7 9. Bxf6 Nxf6 10. O-O-O O-O 11. e5 Nd5 12. Nxd5 exd5 13. Bd3 Qa5 14. a4 Qc3 15. Bxh7+ Kxh7 16. Qxc3 Kg8 17. Rd3 Bg5+ 18. Kb2 dxe5 19. dxe5 f6 20. Qe1 Rae8 21. e6 Re7 22. h4 Bh6 23. g4 f5 24. g5 Rfe8 25. Re3 g6 26. gxh6 Kh7 27. Rg1 a5 28. Qe2 d4 29. Reg3 Rxe6 30. Qc4 f4 31. Rg5 Kxh6 32. Qxd4 Re4 33. Rxg6+ Kh5 34. Qg7 f3 35. Rh6# 1-0

[Event "Junior Online 4NCL Division 5"]
[Site "online"]
[Date "2021.04.01"]
[EventDate "2021.04.01"]
[Round "6.326"]
[White "Mallia, Luca"]
[WhiteElo "922"]
[WhiteTeam "Surrey Kings 5"]
[Black "Lew, Elisha"]
[BlackElo "1000"]
[BlackTeam "King's Cross Kings"]
[Result "1-0"]
[PlyCount "35"]

1. e4 b6 2. d4 Bb7 3. Nc3 g6 4. f3 Bg7 5. Bf4 h6 6. Bc4 g5 7. Be5 f6 8. Bg3 a6 9. Bd5 c6 10. Bb3 d6 11. f4 Nd7 12. fxg5 hxg5 13. d5 cxd5 14. exd5 b5 15. Nf3 b4 16. Na4 Nb6 17. Nxb6 Qxb6 18. c4 Qe3+ 1-0